Κατάλογος Βιβλιοθηκών Mediterranean College

Οι Τρεις Ταυτότητες της Ελληνικής Οικογένειας / Ψυχοκοινωνικές Διεργασίες (Record no. 2498)

MARC details
000 -LEADER
fixed length control field 01399cam a22001934a 4500
005 - ΗΜΕΡΟΜΗΝΙΑ ΚΑΙ ΩΡΑ ΤΕΛΕΥΤΑΙΑΣ ΕΝΗΜΕΡΩΣΗΣ
Πεδίο ελέγχου 20250605164043.0
008 - FIXED-LENGTH DATA ELEMENTS--GENERAL INFORMATION
Πεδίο ελέγχου σταθερού μήκους 250528s ||||||||||||||||||||||||d
035 ## - SYSTEM CONTROL NUMBER
System control number 17058
040 ## - ΠΗΓΗ ΚΑΤΑΛΟΓΟΓΡΑΦΗΣΗΣ
Φορέας πρωτότυπης καταλογογράφησης MC Athens Campus Library
Γλώσσα καταλογογράφησης Ελληνικά, Μοντέρνα (1453-)
Modifying agency MC Athens Campus Library
Κανόνες περιγραφικής καταλογογράφησης AACR2
245 1# - ΤΙΤΛΟΣ ΚΑΙ ΔΗΛΩΣΗ ΥΠΕΥΘΥΝΟΤΗΤΑΣ
Τίτλος Οι Τρεις Ταυτότητες της Ελληνικής Οικογένειας / Ψυχοκοινωνικές Διεργασίες
250 ## - EDITION STATEMENT
Edition statement
260 ## - PUBLICATION, DISTRIBUTION, ETC.
Name of publisher, distributor, etc. Κέδρος,
Date of publication, distribution, etc. 1984
300 ## - PHYSICAL DESCRIPTION
Extent 216
520 ## - SUMMARY, ETC.
Summary, etc. Σ'αυτό το βιβλίο η προσπάθεια συγκεντρώνεται στο να εξηγηθεί η χαοτική ενδοοικογενειακή συναλλαγή με βάση τα αλληλοσυγκρουόμενα πρότυπα ζωής. Πρόλογος, Εισαγωγή, Η Ελληνική Κοινωνία, και η Αντοχή των Οικογενειακών Δεσμών, Ελληνική Οικογένεια: Αλληλοσυγκρουόμενα Πρότυπα, Η Θέση του Παιδιού και τα Τρία Πρότυπα Ζωής, Τα Τρία Πρόσωπα της Εύας, Άντρας: Η Φανερή Δύναμη και η Κρυμμένη Αδυναμία, Εσωτερική Σύγχυση - Χαοτική Επικοινωνία, Επίλογος, Βιβλιογραφία.
700 1# - ΠΡΟΣΘΕΤΗ ΑΝΑΓΡΑΦΗ--ΦΥΣΙΚΟ ΠΡΟΣΩΠΟ
Personal name Κατάκη Χάρις Δ
9 (RLIN) 3188
942 ## - ADDED ENTRY ELEMENTS (KOHA)
Koha item type Books
Holdings
Τύπος τεκμηρίου Βιβλιοθήκη Τρέχουσα τοποθεσία Barcode Αριθμός εισαγωγής Ημερομηνία απόκτησης Ταξιθετικό σύμβολο Αριθμός αντιτύπου Κατάσταση απόσυρσης Κατάσταση χαμένου Κατάσταση κατεστραμμένου Μη δανεισμός Σύνολο δανεισμών Ημερομηνία τελευταίας εμφάνισης Η τιμή ισχύει από
Books MC Athens Campus Library MC Athens Campus Library 9780000024978 7111 05/06/2025 306.87 KAT 1           05/06/2025 05/06/2025

MC Athens Campus Library
Πατησίων 94 & Κοδριγκτώνος 13, 104 34
Πελλήνης 8 & Πατησίων 107, 112 51
Τ: +30 210 8899600

MC Thessaloniki Campus Library
Ίωνος Δραγούμη 21, 54625 | Ίωνος Δραγούμη 15, 54625
Τ: +30 2310 287779 – Τ: +30 2314 440300